Red Hat Fedora and enterprise Linux 4 bible (Record no. 925)
[ view plain ]
| 000 -LEADER | |
|---|---|
| fixed length control field | 00393nam a2200145Ia 4500 |
| 008 - FIXED-LENGTH DATA ELEMENTS--GENERAL INFORMATION | |
| fixed length control field | 130318s9999 xx 000 0 und d |
| 020 ## - INTERNATIONAL STANDARD BOOK NUMBER | |
| International Standard Book Number | 8126506091 |
| 082 ## - DEWEY DECIMAL CLASSIFICATION NUMBER | |
| Classification number | 005.43L NEG/R |
| 100 ## - MAIN ENTRY--PERSONAL NAME | |
| Personal name | Negus, Christopher |
| 245 ## - TITLE STATEMENT | |
| Title | Red Hat Fedora and enterprise Linux 4 bible |
| 260 ## - PUBLICATION, DISTRIBUTION, ETC. | |
| Name of publisher, distributor, etc. | Wiley |
| Place of publication, distribution, etc. | New Delhi |
| Date of publication, distribution, etc. | 2005 |
| 300 ## - PHYSICAL DESCRIPTION | |
| Extent | 1117 |
| Accompanying material | 1 DVD, 2 CD |
| 650 ## - SUBJECT ADDED ENTRY--TOPICAL TERM | |
| Topical term or geographic name entry element | OPERATING SYSTEMS |
| 650 ## - SUBJECT ADDED ENTRY--TOPICAL TERM | |
| Topical term or geographic name entry element | RED HAT LINUX |
| Withdrawn status | Lost status | Source of classification or shelving scheme | Damaged status | Not for loan | Collection code | Home library | Current library | Shelving location | Date acquired | Cost, normal purchase price | Total Checkouts | Full call number | Barcode | Date last seen | Price effective from | Koha item type |
|---|---|---|---|---|---|---|---|---|---|---|---|---|---|---|---|---|
| Dewey Decimal Classification | Operating System | Kerala University of Digital Sciences, Innovation and Technology Knowledge Centre | Kerala University of Digital Sciences, Innovation and Technology Knowledge Centre | Computer Science | 18/03/2013 | 439.00 | 005.432L NEG/R | 932 | 18/03/2013 | 18/03/2013 | Books |